000 00902nam a2200217Ia 4500
999 _c39255
_d39255
001 5841
003 GE_BSU
005 20190918120843.0
008 181216s1952||||ge |||||||||||||| ||geo||
040 _cGE_BSU
041 _ageo
080 _a821.353.1-1 ა-58
100 _aამისულაშვილი, შ.
_94041
245 _aდარიალიდან ყარა-ყუმამდე /
_cშალვა ამისულაშვილი ; რედ. ი. ნონეშვილი.
264 _aთბილისი :
_bსაბჭოთა მწერალი-ს გამ-ბა და სტ. ;
_c1952.
300 _a110 გვ. ;
_c19 სმ.
653 _aდარიალიდან ყარა-ყუმამდე
653 _aლექსები
700 _aნონეშვილი, ი.
_eრედაქტორი
_94084
942 _cBK
_2udc